Global librarianship(E-BOOK) (Record no. 193274)

000 -LEADER
fixed length control field 00830 a2200277 4500
003 - CONTROL NUMBER IDENTIFIER
control field Nust
005 - DATE AND TIME OF LATEST TRANSACTION
control field 20170207154054.0
020 ## - INTERNATIONAL STANDARD BOOK NUMBER
International Standard Book Number 0-8247-0978-0 (hbk.) :
035 ## - SYSTEM CONTROL NUMBER
System control number (Uk)012929992
040 ## - CATALOGING SOURCE
Transcribing agency Nust
082 04 - DEWEY DECIMAL CLASSIFICATION NUMBER
Classification number 021.64
245 00 - TITLE STATEMENT
Title Global librarianship(E-BOOK)
Statement of responsibility, etc. edited by Martin Allan Kesselman and Irwin Weintraub
260 ## - PUBLICATION, DISTRIBUTION, ETC.
Place of publication, distribution, etc. New York :
Name of publisher, distributor, etc. Marcel Dekker,
Date of publication, distribution, etc. 2004
300 ## - PHYSICAL DESCRIPTION
Extent xvi, 320 s. :
Other physical details ill
440 #0 - SERIES STATEMENT/ADDED ENTRY--TITLE
Title Books in library and information science ;
Volume/sequential designation 67
650 #0 - SUBJECT ADDED ENTRY--TOPICAL TERM
Topical term or geographic name entry element Biblioteks- och informationsvetenskap
650 #0 - SUBJECT ADDED ENTRY--TOPICAL TERM
Topical term or geographic name entry element Biblioteks- och informationsvetenskap
650 #0 - SUBJECT ADDED ENTRY--TOPICAL TERM
Topical term or geographic name entry element Globalisering
650 #0 - SUBJECT ADDED ENTRY--TOPICAL TERM
Topical term or geographic name entry element Globalisering
650 #0 - SUBJECT ADDED ENTRY--TOPICAL TERM
Topical term or geographic name entry element Globalization
650 #0 - SUBJECT ADDED ENTRY--TOPICAL TERM
Topical term or geographic name entry element International librarianship
650 #0 - SUBJECT ADDED ENTRY--TOPICAL TERM
Topical term or geographic name entry element Library science
651 ## - SUBJECT ADDED ENTRY--GEOGRAPHIC NAME
Geographic name E-BOOK
700 1# - ADDED ENTRY--PERSONAL NAME
Personal name Kesselman, Martin
Relator code edr
700 1# - ADDED ENTRY--PERSONAL NAME
Personal name Weintraub, Irwin
Relator code edt
942 ## - ADDED ENTRY ELEMENTS (KOHA)
Source of classification or shelving scheme
Koha item type Book
Holdings
Withdrawn status Lost status Source of classification or shelving scheme Damaged status Not for loan Collection code Permanent Location Current Location Date acquired Total Checkouts Full call number Barcode Date last seen Price effective from Koha item type
            Military College of Signals (MCS) Military College of Signals (MCS) 12/12/2016   021.64 MAR MCSEB-2969 12/08/2016 12/12/2016 Book
© 2023 Central Library, National University of Sciences and Technology. All Rights Reserved.